|
|
|
|
| LEADER |
00000nab a2200000 a 4500 |
| 001 |
vtls000003676 |
| 003 |
SK-MaSNL |
| 005 |
20260304073116.0 |
| 008 |
250423c1978 xo 0 slo |
| 015 |
|
|
|a SNBRB19rr/mm-uuuuu
|
| 035 |
|
|
|a CL0013769
|
| 035 |
|
|
|a urn:nbn:sk:snk-abb6s9
|
| 035 |
|
|
|a (urnnbn)urn:nbn:sk:snk:ar-00485u
|
| 035 |
|
|
|a (uuid)a6b5a53f-129f-490b-b14e-cff48c365157
|
| 040 |
|
|
|a SNKBUCL
|b slo
|c SNKBUCL
|e AACR2
|
| 041 |
0 |
|
|a slo
|
| 044 |
|
|
|a xo
|c SK
|
| 080 |
|
|
|a 82.015:882(091)"19"
|2 1981
|
| 080 |
|
|
|a 882(091)"19"
|2 1981
|
| 080 |
|
|
|a 82.015
|2 1981
|
| 100 |
1 |
|
|a Červeňák, Andrej,
|d 1932-2012
|4 aut
|9 153402
|
| 245 |
1 |
0 |
|a Expresionizmus alebo expresívny realizmus
|c Andrej Červeňák
|
| 500 |
|
|
|a V rubrike Otázky socialistického realizmu
|
| 650 |
0 |
7 |
|a literárne smery
|2 snkbucl
|9 4950
|
| 650 |
0 |
7 |
|a realizmus (literatúra)
|2 snkbucl
|9 67597
|
| 650 |
0 |
7 |
|a expresionizmus (literatúra)
|2 snkbucl
|9 99322
|
| 650 |
0 |
7 |
|a socialistický realizmus (literatúra)
|2 snkbucl
|9 73000
|
| 655 |
|
7 |
|a články z novín a časopisov
|2 snkbucl
|9 267496
|
| 655 |
|
7 |
|a články z odboru literárna veda a krásna literatúra
|2 snkbucl
|9 770045
|
| 773 |
0 |
|
|t Revue svetovej literatúry
|g Roč. 14, č. 4 (1978), s. 169-170
|
| 850 |
|
|
|a Slovenská národná knižnica
|
| 852 |
|
|
|a Slovenská národná knižnica
|
| 954 |
|
|
|a odborná, vedecká literatúra pôvodná (slovenská)
|2 lita
|
| 958 |
|
|
|a article15
|
| 958 |
|
|
|a RK
|
| 958 |
|
|
|a LX
|
| 958 |
|
|
|a SK
|
| 958 |
|
|
|a OND
|
| 958 |
|
|
|a EUIPO
|
| 999 |
|
|
|c 2769613
|d 2771543
|